| 000 | 00975nam a2200205 u 4500 | ||
|---|---|---|---|
| 001 | 000623899 | ||
| 003 | AM-YeHGA | ||
| 005 | 20250617140145.0 | ||
| 008 | 090113s1986 ||| r 000 0 rus d | ||
| 040 | _aAM-YeHGA | ||
| 041 | 0 | _arus | |
| 245 | 0 | 0 |
_aМодуляция космических лучей в солнечной системе : _bСборник научных трудов / _cАН СССР, Ин-т космофизических исследований и аэрономии; Редкол.: Г.Ф. Крымский и др. |
| 260 |
_aЯкутск : _bСО АН СССР, _c1986. |
||
| 300 |
_a100 с. : _bил., прил. |
||
| 504 | _aБиблиогр.: с. 93-95 | ||
| 650 | 1 | 4 | _aКосмические лучи - Модуляция - Сборники |
| 700 | 1 |
_aКрымский, Г.Ф _eред. _4edt |
|
| 710 | 2 | _aИнститут космофизических исследований и аэрономии СО АН СССР | |
| 090 | _c216106 | ||
| 999 |
_c214589 _d214589 |
||